Gaming Quiz

Random Gaming Quiz

Can you name the songs from Just dance 1 Quiz Stats

 Plays Quiz not verified by Sporcle

Challenge
Share
Tweet
Embed
Score 0/32 Timer 05:00
0 Plays Today
Singer/band Song % Correct
Anita WardRing my bell
78%
Cyndi LauperGirls just want to have fun
68.3%
RednexCotton Eye Joe
65.9%
The TrashmenSurfin' Bird
65.9%
Elvis PresleyA Little less conversation
63.4%
BlondieHeart of Glass
58.5%
Britney SpearsWomanizer
56.1%
Baha MenWho Let the Dogs Out?
53.7%
Deee-LiteGroove is in the Heart
51.2%
CaesersJerk it out
51.2%
SurvivorEye of the Tiger
48.8%
Spice GirlsWannabe
48.8%
TechnotronicPump up the Jam
46.3%
ChicLe Freak
46.3%
GorillazDARE
46.3%
New Kids On The BlockStep By Step
43.9%
Singer/band Song % Correct
Irene CaraFame
41.5%
The Beach BoysI Get Around
39%
MC Hammer U Can't Touch This
39%
Kim WildeKids in America
36.6%
Calvin HarrisAcceptable in the 80's
36.6%
Dee Dee SharpMashed Potato Time
34.1%
BlurGirls and Boys
34.1%
The Presidents of the United States of AmericaLump
34.1%
Iggy PopLouie Louie
34.1%
The B-52'sFunplex
34.1%
Kylie MinogueCan't Get You Out of My Head
31.7%
Divine BrownBebe
29.3%
Fatboy SlimJin Go Lo Ba
24.4%
KC and the Sunshine BandThat's the way (I Like it)
22%
Katy PerryHot n Cold (Chick Version)
19.5%
Reel 2 RealI Like to move it (Radio Mix)
14.6%

You're not logged in!

Compare scores with friends on all Sporcle quizzes.
Join for Free
OR
Log In

You Might Also Like...

Show Comments

Extras

Created Sep 25, 2012ReportFavoriteNominate
Tags:Wii, Wii Games

Top Quizzes Today


Score Distribution

Your Account Isn't Verified!

In order to create a playlist on Sporcle, you need to verify the email address you used during registration. Go to your Sporcle Settings to finish the process.

Report this User

Report this user for behavior that violates our Community Guidelines.

Details: